Favorite American plays of the nineteenth century /

Wedi'i Gadw mewn:
Manylion Llyfryddiaeth
Prif Awdur: Clark, Barrett H. (Barrett Harper), 1890-1953
Fformat: Llyfr
Iaith:English
Cyhoeddwyd: Princeton, N.J. : Princeton University Press, 1943.
Pynciau:
LEADER 01352nam a22002051i 4500
001 c000376262
003 CARM
005 00000000000000.0
008 920702s1943 nju 00010 eng d
019 1 |a 9096979  |z 27820866  |5 LACONCORD2021 
035 |a (OCoLC)1563152  |5 LACONCORD2021 
100 1 |a Clark, Barrett H.  |q (Barrett Harper),  |d 1890-1953. 
245 1 0 |a Favorite American plays of the nineteenth century /  |c edited with an introduction by Barrett H. Clark. 
260 |a Princeton, N.J. :  |b Princeton University Press,  |c 1943. 
300 |a xxvii, 553 p. ;  |c 24cm. 
505 0 |a Contents:-Metamora; or, The last of the Wampanoags, by J. A. Stone.-Davy Crockett; or, Be sure you're right, then go ahead by Frank Murdoch.-Monte Cristo (James O'Neill's version), by Charles Fechter.-Flying sead. by Dion Boucleault.-The banker's daughter, by Bronson Howard.-My partner, by Bartley Campbell.-A trip to Chinatown, by C. H. Hoyt.-The great diamond robbery, by E. M. Alfriend and A. C. Wheeler.-The heart of Maryland, by David Belasco.-The mighty dollar, by B. E. Woolf.-Checklist o. 
650 0 |a American drama  |y 19th century. 
852 8 |b CARM  |h A1:AM37C0  |i C10284  |p 0441205  |f BK 
999 f f |i 7d8d0cb5-9417-56d2-ab27-fc63be58f4e8  |s 93134593-062c-5781-ab36-4e0331754225 
952 f f |p Can circulate  |a CAVAL  |b CAVAL  |c CAVAL  |d CARM 1 Store  |e C10284  |f A1:AM37C0  |h Other scheme  |i book  |m 0441205